LEADER 01231nam a2200301 i 4500 001 000000112616 003 CaOOAMICUS 005 20030225000000.0 008 030225s1985 it u000 u ita u 013 $a85300 020 $a88-382-3520-1 040 $aSeMil$bita 100 1 $aScoppola, Pietro <1926-2007>.$0(OLS)http://semarc/name/22747 245 13$aLa «nuova cristianità» perduta /$cPietro Scoppola. 260 $aRoma :$bStudium,$ccopyr. 1985. 300 $a209 p. ;$c19 cm. 490 0 $aCoscienza del tempo ;$v9 500 $aFondo Card. C.M. Martini. 650 4$aChiesa - Italia - Sec. 20.$0(OLS)http://semarc/subject/17518 650 4$aItalia - Politica - Partecipazione dei cattolici - Sec. 20.$0(OLS)http://semarc/subject/20281 830 0$aCoscienza del tempo [Studium] ;$v9.$0(OLS)http://semarc/title/10113 850 $aSeMil 852 $aSeMil$W1$xVenegono$y1$m3N I 514$j68337$B68337$CSeMilBibl$Z2$F100888 $81 941 1 $a4 961 $aOmaggio: Martini Card. Carlo Maria 996 $6020$a88-382-3520-1$9(OLS)http://semarc/number/95227 996 $6245$aLa «nuova cristianità» perduta$9(OLS)http://semarc/title/164204 996 $6260$aRoma :$bStudium$9(OLS)http://semarc/publisher/29617 LEADER 01598nam a2200325 i 4500 001 000000060785 003 CaOOAMICUS 005 20251023151456.0 008 140603s1956 it u000 u ita u 013 $a31957 040 $aSeMil$bita 245 13$aLe Encicliche Sociali dei Papi :$bda Pio 9. a Pio 12. (18641956) /$cA cura di Igino Giordani. 250 $a4. Edizione corretta e aumentata. 260 $aRoma :$bStudium,$c1956. 300 $aXXIII, 1191 p. ;$c21 CM. 500 $aContiene : Appunti di Bibliografia. 650 4$aEncicliche papali.$0(OLS)http://semarc/subject/9628 650 4$aPio IX - Encicliche.$0(OLS)http://semarc/subject/50310 650 4$aLeone XIII - Encicliche.$0(OLS)http://semarc/subject/50294 650 4$aPio XII - Encicliche.$0(OLS)http://semarc/subject/4629 650 4$aPio XI - Encicliche.$0(OLS)http://semarc/subject/16194 650 4$aPio X - Encicliche.$0(OLS)http://semarc/subject/54370 650 4$aBenedetto XV - Encicliche.$0(OLS)http://semarc/subject/54369 650 4$aDottrina sociale.$0(OLS)http://semarc/subject/8497 700 1 $aGiordani, Igino,$d <1894-1980>.$0(OLS)http://semarc/name/799 850 $aSeMil 852 $aSeMil$W1$xVenegono$y1$m2A II 650$j263753$B26938$CSeMilBibl$Z2$F26941 $81 996 $6245$aLe Encicliche Sociali dei Papi :$bda Pio 9. a Pio 12. (18641956)$9(OLS)http://semarc/title/95349 996 $6260$aRoma :$bStudium$9(OLS)http://semarc/publisher/29617